00526nam a22001817a 45000050016000000100014000160200026000300350013000560370013000690820008000821000014000902450063001042600039001672700059002063000025002655000051002907000003003412010072406246.0 aENG-96476 a9788179101988c850.00 aEN-80009 bDBAD/PUB a323 aRoy, A.N. aHuman rights :cby A.N. Roybtasks, duties and functions / aJaipurbAavishkar Publishersc2007 a807.Vyas Building, Chaura Rasta,JaipurbJaipure302003 axii,316p.c23cm (Hb) aIncludes bibliographical references and index